000 00966cam a22002897i 4500
003 CBULib
005 20241004072147.0
008 130607s2014 cau b 001 0 eng d
020 _a9781446267790 (pbk.)
040 _aUKMGB
_beng
_cUKMGB
_eRDA
_dBTCTA
_dBDX
_dOBE
_dCBULib
_dCBULib
041 1 _aeng
_hger
050 0 0 _aH 62 Fli
100 _aFlick, Uwe
_d1956-
_eauthor
_93693
245 1 3 _aAn introduction to qualitative research
_c/ by Uwe Flick
250 _aEdition 5
260 _aLondon :
_bSAGE Publications Inc.,
_c2014
300 _axxvii, 587 pages
336 _2rdacontent
_aText |
_btxt
337 _2rdamedia
_aUnmediated |
_bn
338 _2rdacarrier
_aVolume
_bnc
500 _aPrevious edition of this translation: 2009.
504 _aIncludes bibliographical references (pages 546-571) and indexes.
650 0 _aQUALITATIVE RESEARCH
_93694
650 0 _aSOCIAL SCIENCES
_93585
856 4 2 _uhttp://d-nb.info/1049662822/04
942 _c002
_2lcc
999 _c63617
_d63617